| 000 | 00738nam a2200229 a 4500 | ||
|---|---|---|---|
| 001 | 43527 | ||
| 003 | BD-RjUL | ||
| 005 | 20211209053718.0 | ||
| 008 | 160622s19641963nyua b 001 0 eng | ||
| 035 | _a(BD-RjUL) 43645 | ||
| 040 |
_aDLC _cWSU _dOCL _dUKM _dEQO _dBD-RjUL _beng |
||
| 041 | _aeng | ||
| 082 |
_a332.17 _223 _bREC 1964 |
||
| 100 | 1 |
_aReed, Edward Wilson, _d1913- _9133711 |
|
| 245 | 1 | 0 |
_aCommercial bank management / _cEdward Wilson,Reed |
| 250 | _aHarper International Student Reprint ed. | ||
| 260 |
_aNew York ; _aTokyo: _bHarper & Row, _c1963 [reprinted 1964] |
||
| 300 |
_a555 p. : _bill. ; _c24 cm. |
||
| 504 | _aIncludes bibliography & index. | ||
| 650 | 0 |
_aBanks and banking _zUnited States. _9133712 |
|
| 942 |
_2ddc _cBK |
||
| 999 |
_c43527 _d43527 |
||